00282nam a2200121Ia 4500008004100000041000900041082001900050100002000069245002000089260003500109300000800144650000800152230718s9999 xx 000 0 und d aEng. a3477343bHUS-L aHussain, Ghulam 0aLaw of Pleading aPakistanbCivil Criminalc2015 a252 aLaw